000 00836cam a2200229 4500
001 ABS66205
008 021216n2002 000 0 eng u
035 _a(Sirsi) u120780
100 _aLam, S
245 _aRole of surveyors under ISO 9000 in the construction industry
260 _c2002
490 _aJournal of Surveying Engineering
_v128(4) November 2002, 187-199(7)
520 _aThis paper introduces the ISO 9000:2000 standards, and the role of engineering surveyors under the quality assurance and management standards of the construction industry. Table. Diagrams. TAKEN FROM ARTICLE ABSTRACT
590 _aABS
650 _aQUALITY CONTROL
650 _aSTANDARDS
650 _aISO 9000
650 _aENGINEERING SURVEYING
690 _aBUILDING AND CONSTRUCTION-ENGINEERING
700 _aTang, C
942 _n0
999 _c71769
_d71769